[Event "Landesklasse Ost 2014/2015"]
[Site "?"]
[Date "2014.11.23"]
[Round "4"]
[White "Asmykovich, Ihar"]
[Black "Gulich, Wolfgang"]
[Result "1/2-1/2"]
[WhiteElo "1696"]
[BlackElo "1768"]
[PlyCount "125"]
[EventDate "2014.??.??"]

1. d4 Nf6 2. Nf3 e6 3. Bg5 Be7 4. e3 b6 5. Be2 Bb7 6. O-O O-O 7. c4 c5 8. Nc3
h6 9. Bf4 Nh5 10. Bxb8 Rxb8 11. d5 d6 12. dxe6 fxe6 13. Ne5 dxe5 14. Bxh5 Qxd1
15. Raxd1 Rbd8 16. Bg4 Kf7 17. Bf3 Ba6 18. b3 Rxd1 19. Rxd1 Rd8 20. Bh5+ Kf8
21. Rxd8+ Bxd8 22. Kf1 Ke7 23. Ke2 Bc7 24. Bf3 Bb8 25. Ba8 Bc7 26. Kf3 Bb8 27.
Kg4 Kf7 28. h4 Bc7 29. Ne4 Bc8 30. Bc6 g6 31. h5 g5 32. Kf3 Ke7 33. Ke2 Bd8 34.
f3 Bd7 35. Bxd7 Kxd7 36. Kd3 Be7 37. Nf2 Bf8 38. Ke4 Kd6 39. Ng4 Bg7 40. g3 a6
41. a3 b5 42. cxb5 axb5 43. a4 c4 44. axb5 cxb3 45. Kd3 b2 46. Kc2 Kc5 47. e4
b1=Q+ 48. Kxb1 Kxb5 49. Ne3 Kc5 50. Kc2 Kd4 51. Kd2 Bf8 52. Ng4 Bg7 53. Kc2 Kc4
54. Kd2 Kd4 55. Ke2 Kc4 56. Ke3 Kc3 57. Nf2 Bf8 58. Nd3 Bd6 59. Ke2 Kc4 60. Nf2
Bf8 61. Nh3 Kd4 62. Nf2 Kc4 63. Ng4 1/2-1/2

[Event "Landesklasse Ost 2014/2015"]
[Site "?"]
[Date "2014.11.23"]
[Round "4"]
[White "Gebuhr, Günter"]
[Black "Jung, Florian"]
[Result "1-0"]
[WhiteElo "1782"]
[BlackElo "1682"]
[PlyCount "53"]
[EventDate "2014.??.??"]

1. e4 c6 2. d4 d5 3. Nc3 dxe4 4. Nxe4 Bf5 5. Ng3 Bg6 6. h4 h6 7. Nf3 Nd7 8. h5
Bh7 9. Bd3 Bxd3 10. Qxd3 e6 11. Bd2 Ngf6 12. O-O-O Bd6 13. Ne4 Nxe4 14. Qxe4
Nf6 15. Qe2 a5 16. Ne5 O-O 17. g4 Qc7 18. g5 hxg5 19. Bxg5 Nd5 20. h6 f6 21.
hxg7 Qxg7 22. Bh6 Nf4 23. Bxf4 fxe5 24. Rdg1 Rxf4 25. Rxg7+ Kxg7 26. dxe5 Bc5
27. Qh5 1-0

[Event "Landesklasse Ost 2014/2015"]
[Site "?"]
[Date "2014.11.23"]
[Round "4"]
[White "Riedel, Hans-Joachim"]
[Black "Walther, Gerd"]
[Result "1-0"]
[WhiteElo "1737"]
[BlackElo "1774"]
[PlyCount "43"]
[EventDate "2014.??.??"]

1. e4 c5 2. Nc3 e6 3. g3 Nc6 4. Bg2 Nf6 5. d3 d5 6. exd5 Nxd5 7. Nge2 Nxc3 8.
Nxc3 Bd7 9. O-O Be7 10. Bf4 O-O 11. Re1 a6 12. Ne4 e5 13. Be3 b6 14. f4 Ra7 15.
Qd2 Qc8 16. Qc3 f5 17. Nd2 exf4 18. Bxf4 Nd4 19. Rxe7 Be6 20. Rxe6 Qxe6 21. Qc4
Re7 22. Bd5 1-0

[Event "Landesklasse Ost 2014/2015"]
[Site "?"]
[Date "2014.11.23"]
[Round "4"]
[White "Assmann, Winfried"]
[Black "Hesse, Norbert"]
[Result "0-1"]
[WhiteElo "1550"]
[BlackElo "1694"]
[PlyCount "68"]
[EventDate "2014.??.??"]

1. e4 c5 2. d3 e6 3. f4 d5 4. e5 Ne7 5. g3 Nbc6 6. Bg2 Nf5 7. Nf3 Be7 8. O-O
O-O 9. c3 Qb6 10. g4 Nh6 11. h3 Bd7 12. d4 cxd4 13. cxd4 Rac8 14. Kh1 Nb4 15.
Na3 Rc7 16. Be3 Rfc8 17. Rf2 Nc6 18. Qd3 Na5 19. f5 exf5 20. Bxh6 Qxh6 21. gxf5
Rc1+ 22. Rxc1 Rxc1+ 23. Ng1 Bh4 24. Rf1 Bc6 25. Ne2 Rxf1+ 26. Bxf1 Nc4 27. Bg2
Qg5 28. Nc2 Nxb2 29. Qb3 Nc4 30. Nb4 Ne3 31. Bf3 Nxf5 32. Nxd5 Ng3+ 33. Nxg3
Qxg3 34. Be4 Qe1+ 0-1

[Event "Landesklasse Ost 2014/2015"]
[Site "?"]
[Date "2014.11.23"]
[Round "4"]
[White "Anschütz, Mario"]
[Black "Taudte, Stefan"]
[Result "1-0"]
[WhiteElo "1860"]
[BlackElo "1977"]
[PlyCount "77"]
[EventDate "2014.??.??"]

1. d4 Nf6 2. c4 c5 3. d5 e6 4. Nc3 exd5 5. cxd5 d6 6. e4 g6 7. Bd3 Bg7 8. Nge2
O-O 9. O-O Na6 10. h3 Nc7 11. a4 a6 12. Bg5 Bd7 13. a5 Bb5 14. Na4 h6 15. Bh4
Bxa4 16. Qxa4 Rb8 17. Nc3 b5 18. axb6 Rxb6 19. Qc2 g5 20. Bg3 Nh5 21. Bh2 Nf4
22. Bxf4 gxf4 23. Qe2 Qg5 24. Kh1 Rfb8 25. Ra2 Nb5 26. Nxb5 axb5 27. b3 Bd4 28.
Qf3 Rc8 29. Qe2 c4 30. bxc4 b4 31. Rg1 Kf8 32. g3 b3 33. Ra7 b2 34. Bb1 Be5 35.
h4 Qf6 36. Qg4 Rxc4 37. gxf4 Qg7 38. Qd7 Rc1 39. Qd8# 1-0

[Event "Landesklasse Ost 2014/2015"]
[Site "?"]
[Date "2014.11.23"]
[Round "4"]
[White "Weishäutel, Moritz"]
[Black "Latka, Robert"]
[Result "1-0"]
[WhiteElo "1812"]
[BlackElo "1818"]
[PlyCount "73"]
[EventDate "2014.??.??"]

1. e4 c5 2. Nf3 Nc6 3. d4 cxd4 4. Nxd4 Nf6 5. Nc3 e5 6. Ndb5 d6 7. Bg5 a6 8.
Na3 b5 9. Nd5 Be7 10. Bxf6 Bxf6 11. c4 b4 12. Nc2 Rb8 13. b3 O-O 14. Be2 Bg5
15. Qd3 f5 16. Nde3 Ne7 17. Rd1 Rf6 18. exf5 Nxf5 19. Ng4 Rf8 20. c5 Bb7 21.
cxd6 Bxg2 22. Rg1 Nh4 23. Nxe5 Qf6 24. Ng4 Qf4 25. Qc4+ Qxc4 26. Bxc4+ Kh8 27.
Be2 Rbe8 28. Nge3 Bd8 29. Nd4 Bf3 30. Nxf3 Nxf3+ 31. Bxf3 Rxf3 32. Rg3 Rf6 33.
Rg4 Ref8 34. Rd2 Bb6 35. Re4 a5 36. d7 Rd8 37. Nd5 1-0

[Event "Landesklasse Ost 2014/2015"]
[Site "?"]
[Date "2014.11.23"]
[Round "4"]
[White "Philipp, Michael"]
[Black "Pichl, Michael"]
[Result "1/2-1/2"]
[WhiteElo "2000"]
[BlackElo "1939"]
[PlyCount "70"]
[EventDate "2014.??.??"]

1. e4 g6 2. d4 Bg7 3. Nc3 d6 4. Nf3 Nf6 5. Be2 O-O 6. O-O Nc6 7. d5 Nb8 8. Nd4
c6 9. Be3 cxd5 10. exd5 Nbd7 11. f4 Nb6 12. Bf3 Bd7 13. b3 Rc8 14. Qd2 Bg4 15.
Nde2 Bxf3 16. Rxf3 Nfxd5 17. Nxd5 Nxd5 18. Bd4 Bxd4+ 19. Nxd4 Qb6 20. Kh1 e5
21. fxe5 dxe5 22. Nf5 gxf5 23. Qxd5 Qe6 24. Qxb7 Rxc2 25. Qxa7 Rfc8 26. Raf1 f4
27. g3 fxg3 28. Rxg3+ Kh8 29. Qxf7 Qxf7 30. Rxf7 Rxa2 31. Re7 Rb2 32. Rb7 e4
33. Rg2 Rc1+ 34. Rg1 Rc8 35. Rg2 Rc1+ 1/2-1/2

[Event "Landesklasse Ost 2014/2015"]
[Site "?"]
[Date "2014.11.23"]
[Round "4"]
[White "Nicolai, Tim"]
[Black "Scheitz, Michael"]
[Result "0-1"]
[WhiteElo "1723"]
[BlackElo "1915"]
[PlyCount "72"]
[EventDate "2014.??.??"]

1. e4 e5 2. Nf3 Nf6 3. Bc4 Nxe4 4. Nxe5 d5 5. Qf3 Be6 6. d4 Be7 7. Bd3 Nf6 8.
O-O O-O 9. Qe2 Re8 10. f4 c5 11. f5 Bc8 12. c3 cxd4 13. cxd4 Nc6 14. Qf2 Nxe5
15. dxe5 Ng4 16. Qg3 Nxe5 17. Bh6 Qb6+ 18. Be3 Bc5 19. Bxc5 Qxc5+ 20. Kh1 f6
21. Nc3 Bd7 22. Rac1 Bc6 23. Ne2 Qb6 24. Nf4 Re7 25. Nh5 Kh8 26. Nf4 Qxb2 27.
Ng6+ Nxg6 28. fxg6 h6 29. Rc2 Qd4 30. Rcf2 Rae8 31. Rf4 Qc3 32. Qh4 Qxd3 33.
Rxf6 gxf6 34. Qxf6+ Kg8 35. h3 Qxf1+ 36. Qxf1 Re1 0-1

[Event "Landesklasse Ost 2014/2015"]
[Site "?"]
[Date "2014.11.23"]
[Round "4"]
[White "Gräf, Michael"]
[Black "Heinke, Jasper"]
[Result "1-0"]
[WhiteElo "1861"]
[BlackElo "1755"]
[PlyCount "95"]
[EventDate "2014.??.??"]

1. d4 Nf6 2. Nf3 g6 3. Bg5 Bg7 4. Nbd2 d6 5. e3 O-O 6. Be2 c5 7. c3 b6 8. O-O
Bb7 9. Qc2 Nbd7 10. Rad1 Rc8 11. Rfe1 Qc7 12. Qa4 a6 13. c4 e6 14. b4 cxb4 15.
Qxb4 Rfe8 16. Rb1 Ne4 17. Nxe4 Bxe4 18. Rbc1 e5 19. Red1 Bb7 20. dxe5 dxe5 21.
Qd6 Nc5 22. Rb1 Na4 23. Qb4 Bc6 24. Rbc1 Bf8 25. Qb3 Kg7 26. Bh4 f6 27. Bg3
Red8 28. Nd4 Nc5 29. Qb2 Qb7 30. Nxc6 Qxc6 31. Rb1 Na4 32. Qb3 Rxd1+ 33. Rxd1
Rc7 34. Bf3 Qxc4 35. Rd7+ Kh8 36. Rxc7 Qxc7 37. Qxa4 b5 38. Qd1 Qc4 39. Bd5 Qc3
40. h3 a5 41. Bh4 Kg7 42. Bb3 Qb4 43. Qd7+ Kh6 44. Bg8 Qxh4 45. g3 Qb4 46.
Qxh7+ Kg5 47. Be6 f5 48. f4+ 1-0

[Event "Landesklasse Ost 2014/2015"]
[Site "?"]
[Date "2014.11.23"]
[Round "4"]
[White "Plontke, Ingo"]
[Black "Thiemann, Jürgen"]
[Result "1-0"]
[WhiteElo "1881"]
[BlackElo "1677"]
[PlyCount "135"]
[EventDate "2014.??.??"]

1. e4 c6 2. d4 d5 3. Nc3 dxe4 4. Nxe4 Nd7 5. Nf3 Ngf6 6. Ng3 Qc7 7. Bd3 e6 8.
Qe2 g6 9. Bd2 Bd6 10. c4 b6 11. Rc1 O-O 12. O-O c5 13. Ne4 Nxe4 14. Bxe4 Bb7
15. Bxb7 Qxb7 16. dxc5 Nxc5 17. b4 Qe4 18. Be3 Nb7 19. Qb2 Rfe8 20. Rfe1 Qf5
21. Bh6 Bf8 22. Bxf8 Rxf8 23. Re5 Qf6 24. c5 Rfc8 25. c6 Nd6 26. Qd2 Nf5 27.
Qf4 Qg7 28. b5 Ne7 29. Qc4 Rc7 30. Rce1 Rd8 31. a4 Nd5 32. h3 h6 33. Nd4 Qf6
34. Nc2 Qf4 35. R5e4 Qf6 36. Qd4 Qxd4 37. Rxd4 Rdc8 38. Red1 Kf8 39. R1d3 Ke7
40. Ne3 Nf6 41. f4 h5 42. g4 hxg4 43. hxg4 Nh7 44. Nc4 Nf8 45. a5 bxa5 46. Nxa5
Rb8 47. Rb3 Rb6 48. Rdb4 Rb8 49. Ra3 Nh7 50. Nb7 Rcxb7 51. cxb7 Rxb7 52. g5 Nf8
53. Kf2 Nd7 54. Ke3 f5 55. Kd4 Kd6 56. Ra6+ Ke7 57. Rc6 Rb6 58. Rxb6 axb6 59.
Rc4 Kd6 60. Rc6+ Ke7 61. Rc8 Nf8 62. Rb8 Nd7 63. Rg8 Kf7 64. Rh8 Ke7 65. Rh6
Nf8 66. Rh8 Nd7 67. Rh7+ Ke8 68. Rg7 1-0

[Event "Landesklasse Ost 2014/2015"]
[Site "?"]
[Date "2014.11.23"]
[Round "4"]
[White "Streichardt, Niklas"]
[Black "Greger, Dominik"]
[Result "1/2-1/2"]
[WhiteElo "1609"]
[BlackElo "1590"]
[PlyCount "36"]
[EventDate "2014.??.??"]

1. e4 d6 2. d4 Nf6 3. Nc3 c6 4. Bd3 e5 5. Nge2 Be7 6. f3 O-O 7. Be3 Nbd7 8. Ng3
Re8 9. Nf5 Bf8 10. Be2 b5 11. d5 cxd5 12. Nxd5 a6 13. O-O Nc5 14. b4 Nxd5 15.
Qxd5 Bb7 16. Qd2 Ne6 17. Rae1 Qc7 18. Rc1 Red8 1/2-1/2

[Event "Landesklasse Ost 2014/2015"]
[Site "?"]
[Date "2014.11.23"]
[Round "4"]
[White "Kosowski, Todor"]
[Black "Sack, Matthias"]
[Result "1/2-1/2"]
[WhiteElo "2139"]
[BlackElo "1963"]
[PlyCount "60"]
[EventDate "2014.??.??"]

1. e4 c5 2. Nf3 Nc6 3. d4 cxd4 4. Nxd4 g6 5. Nc3 Bg7 6. Be3 Nf6 7. Bc4 Qa5 8.
O-O Qb4 9. Bb3 O-O 10. a3 Qa5 11. h3 d6 12. f4 Bd7 13. Qd3 Rac8 14. Rae1 a6 15.
Nd5 Nxd5 16. exd5 Nxd4 17. Bxd4 Bf5 18. Qe3 Bxd4 19. Qxd4 Rfe8 20. Re2 Qc5 21.
Qxc5 Rxc5 22. g4 Bd7 23. Rfe1 Kf8 24. c3 b5 25. Kf2 a5 26. Kg3 Rc7 27. h4 h6
28. h5 gxh5 29. gxh5 Bf5 30. Kf3 Kg7 1/2-1/2

[Event "Landesklasse Ost 2014/2015"]
[Site "?"]
[Date "2014.11.23"]
[Round "4"]
[White "Hadlich, Gerald"]
[Black "Buring, Matthias"]
[Result "1/2-1/2"]
[WhiteElo "1735"]
[BlackElo "2058"]
[PlyCount "119"]
[EventDate "2014.??.??"]

1. e4 d5 2. exd5 Nf6 3. d4 c6 4. Nf3 cxd5 5. Bd3 Nc6 6. c3 Bg4 7. Nbd2 e6 8.
O-O Bd6 9. h3 Bh5 10. Re1 O-O 11. Nf1 e5 12. dxe5 Nxe5 13. Be2 Re8 14. Nxe5
Bxe2 15. Rxe2 Rxe5 16. Rxe5 Bxe5 17. Be3 Qc7 18. Bd4 Re8 19. Bxe5 Rxe5 20. Ne3
Qc5 21. Ng4 Nxg4 22. Qxg4 h5 23. Qf3 Qc4 24. b3 Qe2 25. Qxe2 Rxe2 26. Rd1 Rxa2
27. Rxd5 Ra1+ 28. Kh2 Rb1 29. b4 Rb3 30. Rc5 b6 31. Rc8+ Kh7 32. Rc7 Kg6 33.
Rxa7 Rxc3 34. Rb7 Rc6 35. g3 Rf6 36. Kg2 Kf5 37. Kf3 Ke5+ 38. Ke3 Kd5 39. Rc7
g5 40. f4 gxf4+ 41. gxf4 Kd6 42. Rc4 Re6+ 43. Kd4 f5 44. b5 Re4+ 45. Kd3 Re1
46. Rc6+ Kd5 47. Rxb6 Rh1 48. Rh6 Rxh3+ 49. Ke2 Ke4 50. b6 Rh2+ 51. Kf1 Rb2 52.
Rxh5 Rxb6 53. Rh8 Kxf4 54. Rh3 Rb1+ 55. Ke2 Rb2+ 56. Kf1 Kg4 57. Ra3 f4 58. Rc3
Rb4 59. Kf2 f3 60. Rc8 1/2-1/2

[Event "Landesklasse Ost 2014/2015"]
[Site "?"]
[Date "2014.11.23"]
[Round "4"]
[White "Sauer, Marko"]
[Black "Bülau, Daniel"]
[Result "1-0"]
[WhiteElo "2009"]
[BlackElo "1641"]
[PlyCount "61"]
[EventDate "2014.??.??"]

1. e4 e5 2. Bc4 Nf6 3. Nf3 Nc6 4. Ng5 d5 5. exd5 Na5 6. d3 Nxc4 7. dxc4 h6 8.
Nf3 Bd6 9. h3 O-O 10. Be3 Qe7 11. Nbd2 Bf5 12. Qe2 c6 13. dxc6 bxc6 14. Nb3 Ne4
15. Nfd2 Nxd2 16. Qxd2 Rfd8 17. O-O-O a5 18. Bb6 Bc7 19. Qe3 Bxb6 20. Qxb6 a4
21. Rxd8+ Rxd8 22. Nd2 Qg5 23. Rd1 Rd6 24. Qb8+ Rd8 25. Qxe5 Qg6 26. Qa5 Re8
27. Qxa4 Qxg2 28. f3 Rd8 29. Qa5 Qg5 30. h4 Qh5 31. Qxd8+ 1-0

[Event "Landesklasse Ost 2014/2015"]
[Site "?"]
[Date "2014.11.23"]
[Round "4"]
[White "Pietzsch, Gerhard"]
[Black "Jank, Kevin"]
[Result "1-0"]
[WhiteElo "1821"]
[BlackElo "1740"]
[PlyCount "39"]
[EventDate "2014.??.??"]

1. e4 e5 2. Nf3 Nc6 3. Bc4 Nf6 4. d4 Nxe4 5. dxe5 Nc5 6. Nc3 Be7 7. O-O O-O 8.
Bf4 Ne6 9. Bg3 Kh8 10. Ne4 Nc5 11. Nxc5 Bxc5 12. Qd5 Be7 13. Rad1 f6 14. Rfe1
fxe5 15. Bxe5 d6 16. Bc3 Bg4 17. Rd3 Bxf3 18. Rxf3 Bf6 19. Rh3 Ne7 20. Rxh7+
1-0

[Event "Landesklasse Ost 2014/2015"]
[Site "?"]
[Date "2014.11.23"]
[Round "4"]
[White "Widmann, Benjamin"]
[Black "Schulz, Phillip"]
[Result "0-1"]
[WhiteElo "1832"]
[BlackElo "1757"]
[PlyCount "72"]
[EventDate "2014.??.??"]

1. c4 c5 2. Nc3 Nc6 3. Nf3 g6 4. g3 Bg7 5. Bg2 d6 6. O-O Bf5 7. d3 Qd7 8. Re1
Nf6 9. Bd2 O-O 10. a3 Rac8 11. Rb1 Ng4 12. b4 b6 13. b5 Nce5 14. Nh4 Be6 15. f4
Nxd3 16. exd3 Bd4+ 17. Kf1 Nxh2+ 18. Ke2 Bg4+ 19. Nf3 Qe6+ 20. Ne4 f5 21. Qc2
fxe4 22. dxe4 Rcd8 23. Rh1 Nxf3 24. Bxf3 Bxf3+ 25. Kxf3 Qf6 26. Rh6 e6 27. Rbh1
Rf7 28. R1h4 d5 29. exd5 exd5 30. Rg4 Qf5 31. Qxf5 Rxf5 32. cxd5 Rfxd5 33. Rgh4
Bg7 34. Be3 Bxh6 35. Rxh6 Rd3 36. Ke2 Rxa3 0-1

[Event "Landesklasse Ost 2014/2015"]
[Site "?"]
[Date "2014.11.23"]
[Round "4"]
[White "Pietsch, Karsten"]
[Black "Zeising, Benjamin"]
[Result "0-1"]
[WhiteElo "1730"]
[BlackElo "1799"]
[PlyCount "58"]
[EventDate "2014.??.??"]

1. d4 e6 2. c4 d5 3. Nc3 dxc4 4. e4 a6 5. a4 b6 6. Bxc4 Bb7 7. Nf3 Nf6 8. Bg5
Be7 9. Qe2 h6 10. Bh4 Nxe4 11. Bxe7 Nxc3 12. Bxd8 Nxe2 13. Bxe2 Kxd8 14. Ne5
Ke7 15. Rc1 Rc8 16. O-O Bd5 17. Rc3 f6 18. Ng6+ Kd6 19. Nf4 Nc6 20. Nxd5 exd5
21. Bg4 Nxd4 22. Rd1 Re8 23. Kf1 c5 24. b4 Re4 25. bxc5+ bxc5 26. f3 Ree8 27.
Bh5 Re5 28. Bg6 Rb8 29. Rd2 Rb3 0-1

[Event "Landesklasse Ost 2014/2015"]
[Site "?"]
[Date "2014.11.23"]
[Round "4"]
[White "Marufke, Kai"]
[Black "Baulig, Manuel"]
[Result "0-1"]
[WhiteElo "1846"]
[BlackElo "1561"]
[PlyCount "36"]
[EventDate "2014.??.??"]

1. e4 e6 2. d4 d5 3. exd5 exd5 4. Bd3 Bd6 5. Ne2 c6 6. Ng3 Ne7 7. O-O O-O 8.
Nd2 Ng6 9. c3 Qc7 10. Qh5 Nd7 11. Nf3 Nf6 12. Qg5 h6 13. Qd2 Bg4 14. Ne1 Rfe8
15. h3 Bxg3 16. Bxg6 Be2 17. Bc2 Bh2+ 18. Kh1 Bxf1 0-1

[Event "Landesklasse Ost 2014/2015"]
[Site "?"]
[Date "2014.11.23"]
[Round "4"]
[White "Sperhake, Franz"]
[Black "Riedel, Erich"]
[Result "0-1"]
[WhiteElo "1480"]
[BlackElo "1606"]
[PlyCount "38"]
[EventDate "2014.??.??"]

1. d4 e6 2. Nf3 d5 3. c4 f5 4. Nc3 Nf6 5. Bg5 c6 6. e3 Bd6 7. Be2 O-O 8. Qc2
Qe8 9. Ne5 Ne4 10. Bf4 Be7 11. O-O Kh8 12. Nxe4 fxe4 13. f3 exf3 14. Rxf3 Nd7
15. Rh3 Nf6 16. Bd3 Nh5 17. Bxh7 Nxf4 18. Bg8+ Nxh3+ 19. gxh3 Kxg8 0-1

[Event "Landesklasse Ost 2014/2015"]
[Site "?"]
[Date "2014.11.23"]
[Round "4"]
[White "Zeuner, Ulrich"]
[Black "Berkov, Mikhail"]
[Result "0-1"]
[WhiteElo "1964"]
[BlackElo "1806"]
[PlyCount "74"]
[EventDate "2014.??.??"]

1. Nf3 Nf6 2. d3 d5 3. Nbd2 Bf5 4. g3 Nbd7 5. Bg2 c6 6. O-O e6 7. h3 h6 8. Re1
Nc5 9. c4 Qb6 10. d4 Nce4 11. c5 Qd8 12. a4 b6 13. Ne5 bxc5 14. Nxe4 Nxe4 15.
g4 Bh7 16. Be3 cxd4 17. Bxd4 c5 18. a5 Nf6 19. Qa4+ Nd7 20. Bc3 f6 21. e4 d4
22. Nc6 Qc7 23. e5 dxc3 24. exf6 Kf7 25. Rad1 Bd6 26. Rxe6 Kxe6 27. fxg7 Rhe8
28. g5 Kf7 29. gxh6 Re6 30. Bd5 Rae8 31. Re1 Nf6 32. Qb3 Bf5 33. Bxe6+ Bxe6 34.
Rxe6 Rxe6 35. h7 Bh2+ 36. Kg2 Qxc6+ 37. Kxh2 Kxg7 0-1

[Event "Landesklasse Ost 2014/2015"]
[Site "?"]
[Date "2014.11.23"]
[Round "4"]
[White "Neubauer, Ralf"]
[Black "Kube, Hannelore"]
[Result "1/2-1/2"]
[WhiteElo "1918"]
[BlackElo "1825"]
[PlyCount "24"]
[EventDate "2014.??.??"]

1. d4 f5 2. g3 Nf6 3. Bg2 e6 4. Nf3 Be7 5. c4 O-O 6. O-O Qe8 7. Nc3 d6 8. Bf4
Bd8 9. b4 Nbd7 10. Bg5 h6 11. Bxf6 Nxf6 12. Qc2 e5 1/2-1/2

[Event "Landesklasse Ost 2014/2015"]
[Site "?"]
[Date "2014.11.23"]
[Round "4"]
[White "Richter, Sebastian"]
[Black "Rost, Detlef"]
[Result "1-0"]
[WhiteElo "1742"]
[BlackElo "1856"]
[PlyCount "53"]
[EventDate "2014.??.??"]

1. Nf3 Nf6 2. c4 e6 3. g3 d5 4. Bg2 b6 5. O-O Bb7 6. b3 Be7 7. Bb2 O-O 8. e3
Nbd7 9. Nc3 Rc8 10. Qe2 c5 11. d3 Re8 12. Rad1 Qc7 13. Nh4 Rcd8 14. f4 a6 15.
g4 dxc4 16. bxc4 Nf8 17. g5 N6d7 18. Ne4 Ng6 19. Nxg6 hxg6 20. Qg4 b5 21. Qh4
Qb6 22. Rf3 Bxe4 23. Rh3 f6 24. Bxe4 Nf8 25. gxf6 gxf6 26. Qh8+ Kf7 27. Rh7+
1-0

[Event "Landesklasse Ost 2014/2015"]
[Site "?"]
[Date "2014.11.23"]
[Round "4"]
[White "Stumm, Rainer"]
[Black "Jordan, Gunter"]
[Result "0-1"]
[WhiteElo "1584"]
[BlackElo "1875"]
[PlyCount "42"]
[EventDate "2014.??.??"]

1. Nf3 d5 2. c4 c6 3. e3 g6 4. d4 Nf6 5. Nbd2 Bg7 6. Bd3 O-O 7. O-O Nbd7 8. b4
e5 9. dxe5 Ng4 10. Rb1 Ndxe5 11. Nxe5 Nxe5 12. Be2 Bf5 13. Rb3 dxc4 14. Ra3 c3
15. Nf3 c2 16. Qe1 Nd3 17. Bxd3 Bxd3 18. Nd4 Bxf1 19. Kxf1 Bxd4 20. exd4 Qxd4
21. Be3 Qd1 0-1

[Event "Landesklasse Ost 2014/2015"]
[Site "?"]
[Date "2014.11.23"]
[Round "4"]
[White "Kohl, Gerald"]
[Black "Flechsig, Bernd"]
[Result "1-0"]
[WhiteElo "1667"]
[BlackElo "1734"]
[PlyCount "57"]
[EventDate "2014.??.??"]

1. d4 d5 2. c4 e6 3. Nf3 c6 4. cxd5 exd5 5. Nc3 f5 6. Bf4 Nf6 7. h3 Bd6 8. Ne5
Nbd7 9. Nxc6 Qb6 10. Bxd6 Qxc6 11. Ba3 a6 12. Rc1 Qe6 13. e3 Ne4 14. Nxe4 fxe4
15. Qa4 Rb8 16. Be2 h5 17. O-O Kf7 18. Rc7 Kg6 19. Rfc1 Kh6 20. Qb4 g6 21. Qd6
Qf5 22. Bd1 Nf6 23. Rf7 Be6 24. g4 Ne8 25. gxf5 Nxd6 26. fxe6 Nxf7 27. exf7 Kg7
28. f8=Q+ Rhxf8 29. Bxf8+ 1-0

[Event "Landesklasse Ost 2014/2015"]
[Site "?"]
[Date "2014.11.23"]
[Round "4"]
[White "Werner, Ernst"]
[Black "Stockum, René"]
[Result "1/2-1/2"]
[WhiteElo "1781"]
[BlackElo "1663"]
[PlyCount "96"]
[EventDate "2014.??.??"]

1. e4 c5 2. Nf3 Nc6 3. Bb5 d6 4. O-O Bd7 5. Re1 e6 6. d4 cxd4 7. Nxd4 Be7 8.
Be3 Nf6 9. Nc3 Qc7 10. f3 O-O 11. Nb3 Ne5 12. Qe2 a6 13. Bxd7 Nfxd7 14. Nd1
Rac8 15. c3 Nc4 16. Bf2 Bf6 17. Nd4 Be5 18. g3 Bf6 19. Kg2 g6 20. Rc1 Nce5 21.
Ne3 Nc6 22. Ng4 Bg7 23. Qd2 Nde5 24. Ne3 h5 25. f4 Nd7 26. f5 Nc5 27. Nec2 Ne5
28. Ne3 Ned3 29. Nec2 Nxe1+ 30. Rxe1 e5 31. Nf3 Qe7 32. Nb4 Rfd8 33. Nd5 Qf8
34. f6 Bh6 35. Qc2 Kh7 36. h4 Nd7 37. Ng5+ Bxg5 38. hxg5 Re8 39. g4 Nc5 40. Rh1
Ne6 41. gxh5 Nf4+ 42. Nxf4 exf4 43. hxg6+ Kxg6 44. e5+ Kxg5 45. Kf3 Rxe5 46.
Bh4+ Kh6 47. Bg3+ Kg5 48. Bh4+ Kh6 1/2-1/2

[Event "Landesklasse Ost 2014/2015"]
[Site "?"]
[Date "2014.11.23"]
[Round "4"]
[White "Seidens, Gunter"]
[Black "Janisch, Manfred"]
[Result "1-0"]
[WhiteElo "1902"]
[BlackElo "1744"]
[PlyCount "45"]
[EventDate "2014.??.??"]

1. d4 Nf6 2. Nf3 g6 3. g3 Bg7 4. Bg2 O-O 5. O-O d6 6. Nbd2 Nc6 7. Nc4 e6 8. a4
Rb8 9. c3 Ne7 10. Re1 Bd7 11. e4 h6 12. e5 Ne8 13. Bd2 d5 14. Ne3 b6 15. h4 c5
16. Qe2 Nc7 17. Ng4 Nf5 18. Bf4 Rc8 19. Qd2 h5 20. Bg5 Qe8 21. Nf6+ Bxf6 22.
Bxf6 Bc6 23. Bh3 1-0

[Event "Landesklasse Ost 2014/2015"]
[Site "?"]
[Date "2014.11.23"]
[Round "4"]
[White "Streit, Michael"]
[Black "Welde, Kevin"]
[Result "1/2-1/2"]
[WhiteElo "1924"]
[BlackElo "1918"]
[PlyCount "92"]
[EventDate "2014.??.??"]

1. e4 c5 2. Nf3 a6 3. Nc3 b5 4. d4 cxd4 5. Nxd4 Bb7 6. Bd3 e6 7. O-O Qc7 8. Be3
Nf6 9. f3 Bc5 10. Qe2 Qb6 11. Qf2 Nc6 12. Nf5 Bxe3 13. Qxe3 Qxe3+ 14. Nxe3 Rc8
15. Rad1 Ne7 16. Rfe1 Ng6 17. Rd2 O-O 18. Bf1 Rfd8 19. a3 Kf8 20. g3 d6 21. Bg2
Rd7 22. Red1 Ke7 23. f4 Ne8 24. Ng4 Rdc7 25. h4 Rxc3 26. bxc3 Rxc3 27. Rd3 Rxc2
28. R1d2 Rc7 29. Ne3 Nf8 30. Rc2 Rc5 31. e5 Rxc2 32. exd6+ Nxd6 33. Nxc2 Ne4
34. Nd4 Nd7 35. Nb3 Bd5 36. Bf3 Ndc5 37. Nxc5 Nxc5 38. Rc3 Bxf3 39. Rxf3 Kd6
40. Kf2 Kd5 41. Ke3 Kc4 42. Kd2 Nb3+ 43. Kd1 Nd4 44. Re3 Nf5 45. Rf3 Nd4 46.
Re3 Nf5 1/2-1/2

[Event "Landesklasse Ost 2014/2015"]
[Site "?"]
[Date "2014.11.23"]
[Round "4"]
[White "Schönfeld, Volker"]
[Black "Schaudin, Andreas"]
[Result "1/2-1/2"]
[WhiteElo "1869"]
[BlackElo "1680"]
[PlyCount "57"]
[EventDate "2014.??.??"]

1. e4 c6 2. c4 g6 3. d4 Bg7 4. Nc3 d6 5. Be3 Nf6 6. f3 Qc7 7. Qd2 h5 8. Bd3
Nbd7 9. Nge2 e5 10. d5 c5 11. O-O a6 12. a3 b6 13. b4 O-O 14. Bh6 Re8 15. Bxg7
Kxg7 16. Kh1 Nh7 17. Nd1 a5 18. b5 Ndf8 19. Ne3 Qd8 20. f4 Ra7 21. f5 Qg5 22.
Rad1 Qh6 23. Ng3 Kh8 24. Rf2 h4 25. Ngf1 Nd7 26. fxg6 fxg6 27. Rf7 Kg8 28. Rf2
Ndf6 29. Nc2 1/2-1/2

[Event "Landesklasse Ost 2014/2015"]
[Site "?"]
[Date "2014.11.23"]
[Round "4"]
[White "Streit, Jürgen"]
[Black "Huster, Mike"]
[Result "0-1"]
[WhiteElo "1742"]
[BlackElo "1899"]
[PlyCount "60"]
[EventDate "2014.??.??"]

1. e4 d5 2. exd5 Nf6 3. d4 Nxd5 4. Nf3 Bg4 5. c4 Nb6 6. c5 N6d7 7. Bc4 e6 8.
Qb3 Nc6 9. Nbd2 Be7 10. Qxb7 Na5 11. Qa6 Nxc4 12. Qxc4 O-O 13. h3 Bf5 14. O-O
h6 15. Re1 Nf6 16. Ne5 Nd5 17. Nc6 Qd7 18. Nxe7+ Nxe7 19. Nf3 Rfd8 20. Be3 f6
21. Rad1 Rab8 22. Bc1 Nd5 23. a3 a5 24. Re2 Qc6 25. Nh4 Bh7 26. Nf3 Re8 27.
Rde1 a4 28. Nh2 Rb3 29. Nf1 Bd3 30. Qxd5 Qxd5 0-1

[Event "Landesklasse Ost 2014/2015"]
[Site "?"]
[Date "2014.11.23"]
[Round "4"]
[White "Richter, Sven"]
[Black "Gölles, Michael"]
[Result "1-0"]
[WhiteElo "1932"]
[BlackElo "1549"]
[PlyCount "93"]
[EventDate "2014.??.??"]

1. Nf3 d5 2. g3 Nf6 3. Bg2 e6 4. d3 Bd6 5. O-O O-O 6. Nbd2 Re8 7. e4 dxe4 8.
dxe4 e5 9. h3 Nc6 10. c3 Rb8 11. Qc2 Be6 12. Ng5 Qd7 13. Nxe6 Qxe6 14. b3 Nd7
15. Nc4 Bc5 16. Ne3 Ne7 17. a4 Qg6 18. b4 Bd6 19. Nc4 a6 20. Qe2 Nc8 21. h4 Be7
22. Ne3 Nd6 23. Nd5 Bd8 24. c4 c6 25. h5 Qe6 26. Ne3 Nf6 27. c5 Ndxe4 28. Nd1
Qf5 29. g4 Qxg4 30. Qxg4 Nxg4 31. Bxe4 Nf6 32. Bf3 e4 33. Be2 Nd5 34. Bd2 Bc7
35. Rb1 Bf4 36. Ne3 Bxe3 37. fxe3 Re5 38. Kf2 Nf6 39. Bc3 Re6 40. Bc4 Nd5 41.
Bxd5 cxd5 42. Rg1 g6 43. Rbd1 Rd8 44. Rg5 f5 45. Rdg1 Kf7 46. hxg6+ hxg6 47.
Rh1 1-0

[Event "Landesklasse Ost 2014/2015"]
[Site "?"]
[Date "2014.11.23"]
[Round "4"]
[White "Espig, Christian"]
[Black "Manicke, Hans-Joachim"]
[Result "1/2-1/2"]
[WhiteElo "1548"]
[BlackElo "1902"]
[PlyCount "47"]
[EventDate "2014.??.??"]

1. d4 d5 2. c4 e6 3. Nf3 Nf6 4. cxd5 exd5 5. Bg5 Be7 6. e3 O-O 7. Nc3 c6 8. Bd3
h6 9. Bxf6 Bxf6 10. O-O Re8 11. h3 Be6 12. Qc2 Nd7 13. Rad1 Rc8 14. Bf5 Nf8 15.
b4 Qe7 16. Bxe6 Nxe6 17. Qb3 g6 18. a3 Bg7 19. Rc1 Nf8 20. Rc2 Qe6 21. Rfc1 Nd7
22. Na4 Rcd8 23. Nc5 Nxc5 24. Rxc5 1/2-1/2